000 00602nam a2200229Ia 4500
003 OSt
005 20221005133717.0
006 a|||||r|||| 00| 0
007 ta
008 221004b |||||||| |||| 00| 0 pan d
024 _a63421
037 _cTextual
040 _aCRL
_cCRL
_bpan
041 _2pan
_apan
082 _aQ8441v, 153N1.2
100 _aਮੈਕਾਲਿਫ
245 0 _aਸਿਖ ਇਤਿਹਾਸ
260 _c1991
650 _aਸਿੱਖ ਧਰਮ
_9156314
942 _hQ8441v, 153N1.2
_cTEXL
_2cc
999 _c1067644
_d1067644